000 00250nam a2200097Ia 4500
001 691270
005 20250826161832.0
008 250824s9999 xx 000 0 und d
245 0 _aBİRKAÇ DELİ GÜVERCİN
_cNURULLAH GENÇ
260 _bTİMAŞ YAYINLARI
999 _c691270
_d691270